Ādhunika Bhārata meṃ parivahana. (Record no. 53780)

MARC details
000 -LEADER
fixed length control field 00566cam a22002291 4500
001 - CONTROL NUMBER
control field sa 63001032
003 - CONTROL NUMBER IDENTIFIER
control field DLC
005 - DATE AND TIME OF LATEST TRANSACTION
control field 20260227111925.0
008 - FIXED-LENGTH DATA ELEMENTS--GENERAL INFORMATION
fixed length control field 890906s1962 ii 000 0 hino
010 ## - LIBRARY OF CONGRESS CONTROL NUMBER
LC control number sa 63001032
035 ## - SYSTEM CONTROL NUMBER
System control number (OCoLC)20307154
040 ## - CATALOGING SOURCE
Original cataloging agency DLC
Transcribing agency WaU
Modifying agency DLC
042 ## - AUTHENTICATION CODE
Authentication code premarc
043 ## - GEOGRAPHIC AREA CODE
Geographic area code a-ii---
050 00 - LIBRARY OF CONGRESS CALL NUMBER
Classification number HE271
Item number .B515
100 1# - MAIN ENTRY--PERSONAL NAME
Personal name Bhatnagar, Kalka Prasad,
Dates associated with a name 1896-
245 10 - TITLE STATEMENT
Title Ādhunika Bhārata meṃ parivahana.
260 ## - PUBLICATION, DISTRIBUTION, ETC.
Date of publication, distribution, etc. [1962]
300 ## - PHYSICAL DESCRIPTION
Extent 490 p.
Dimensions 23 cm.
500 ## - GENERAL NOTE
General note In Hindi.
650 #0 - SUBJECT ADDED ENTRY--TOPICAL TERM
Topical term or geographic name entry element Transportation
Geographic subdivision India.

No items available.

Powered by Koha